| 000 | 00705 a2200157 4500 | ||
|---|---|---|---|
| 003 | NUST | ||
| 005 | 20230808135435.0 | ||
| 040 | _cNust | ||
| 082 | _a621.384,RAD | ||
| 245 |
_aRadio Communication In the Digital Age / _cHarris |
||
| 250 | _aVol. 2 | ||
| 260 |
_bHarris _c2000 _aUSA |
||
| 300 | _a108p.; | ||
| 505 | _aIntroduction (Page-1), Principles of Radio Communication (Page-5), VHF/UHF Radio Propagation (Page-20), Elements in a VHF/UHF Radio System (Page-30), Noise and Interference (Page-49), Data Communication Via VHF/UHF Radio (Page-53), UHF SATCOM (Page-69), Securing Communications (Page-77), Systems and Applications (Page-84), Future Directions (Page-95). | ||
| 942 |
_2ddc _cBK _k621.384,RAD |
||
| 999 |
_c190254 _d190254 |
||